Modernización y reforma de los sistemas de justicia en américa latina y el caribe / (Record no. 1142)

000 -CABECERA
fixed length control field 01067nam a22002177a 4500
003 - IDENTIFICADOR DEL NÚMERO DE CONTROL
control field AR-CdUCM
008 - DATOS DE LONGITUD FIJA--INFORMACIÓN GENERAL
fixed length control field 190226b ||||| |||| 00| 0 spa d
040 ## - FUENTE DE LA CATALOGACIÓN
Agencia/entidad que catalogó originalmente la obra MUNICIPALIDAD PROVINCIAL DEL CUSCO
Entidad que transcribió la catalogación BIBLIOTECA MUNICIPAL DEL CUSCO
082 ## - NÚMERO DE LA CLASIFICACIÓN DECIMAL DEWEY
No. de Clasificación 343.332 /
Notacion interna SI54
100 ## - ENTRADA PRINCIPAL--NOMBRE DE PERSONA
Nombre Personal Siles Vallejos, Abraham
245 ## - MENCIÓN DE TÍTULO
Título Modernización y reforma de los sistemas de justicia en américa latina y el caribe /
260 ## - PUBLICACIÓN, DISTRIBUCIÓN, ETC.
Lugar de publicación, distribución, etc. Lima :
Nombre de la editorial, distribuidor, etc. Consejo de Coordinación Judicial;
-- [Yelmo S.A.]
Fecha de publicación, distribución, etc. 1998.
300 ## - DESCRIPCIÓN FÍSICA
Nº de Páginas Extensión 115 páginas ;
Otros detalles físicos Cuadros.
Dimensiones 22 cm.
440 ## - MENCIÓN DE SERIE/PUNTO DE ACCESO ADICIONAL--TÍTULO
Título Cuadernos de Debate Judicial: investigaciones
9 (RLIN) 4488
505 ## - NOTA DE CONTENIDO CON FORMATO
Nota de contenido formateada Volumen I, contenido: "Justicia emergente": un proceso de alcance regional -- La problemática de la justicia en la región -- Criterios para la delimitación del objeto de estudio: la noción de "reformas judiciales exhaustivas" -- dificultades y obstáculos para un estudio comparativo...
650 ## - PUNTO DE ACCESO ADICIONAL DE MATERIA--TÉRMINO DE MATERIA
Descriptor Reformas
9 (RLIN) 4489
650 ## - PUNTO DE ACCESO ADICIONAL DE MATERIA--TÉRMINO DE MATERIA
Descriptor Sistema judicial
9 (RLIN) 4490
650 ## - PUNTO DE ACCESO ADICIONAL DE MATERIA--TÉRMINO DE MATERIA
Descriptor América latina
9 (RLIN) 4491
942 ## - ELEMENTOS DE PUNTO DE ACCESO ADICIONAL (KOHA)
Fuente de clasificación
Tipo de item Libros-BMC
945 ## - PROCESAMIENTO DE INFORMACIÓN LOCAL (OCLC)
Catalogador lccs
AAAA-MM-DD - Fecha de ingreso o modificacion 2019-02-26
Holdings
Estado de retiro (separado) Fuente de clasificación o esquema de estanterías Estado dañado Ubicación Sala donde se ubica Nombre de la colección Fecha de adquisición o compra Costo, precio normal en soles Signatura topográfica Código de Barras Última vez visto (Koha) Tipo de ítem (Koha)
No     Sala Humanidades Sala Humanidades Book Cart 2019-02-26 10.00 343.332 / SI54 / V.1 SH0000001116 2019-02-26 Libros-BMC

Powered by Koha